LIBRARY ONLINE CATALOGUE

Managerial Statistics (Record no. 19227)

MARC details
000 -LEADER
fixed length control field 00404nam a22001457a 4500
008 - FIXED-LENGTH DATA ELEMENTS--GENERAL INFORMATION
fixed length control field 220221b |||||||| |||| 00| 0 eng d
020 ## - INTERNATIONAL STANDARD BOOK NUMBER
International Standard Book Number 1473704800
050 ## - LIBRARY OF CONGRESS CALL NUMBER
Classification number HD30.23
Item number .K45 2015
100 ## - MAIN ENTRY--PERSONAL NAME
Personal name Keller, Gerald
245 ## - TITLE STATEMENT
Title Managerial Statistics
Statement of responsibility, etc. Gerald Keller
260 ## - PUBLICATION, DISTRIBUTION, ETC. (IMPRINT)
Place of publication, distribution, etc. Australia
Name of publisher, distributor, etc. Cengage learning
Date of publication, distribution, etc. 2015
300 ## - PHYSICAL DESCRIPTION
Extent xii, 706p.
650 ## - SUBJECT ADDED ENTRY--TOPICAL TERM
Topical term or geographic name as entry element Management
Form subdivision statistical methods
942 ## - ADDED ENTRY ELEMENTS (KOHA)
Source of classification or shelving scheme Library of Congress Classification
Koha item type General Collection
Holdings
Withdrawn status Lost status Source of classification or shelving scheme Not for loan Home library Current library Date acquired Total Checkouts Full call number Barcode Date last seen Price effective from Koha item type
    Library of Congress Classification   Kabarak, Main Campus Kabarak, Main Campus 21/02/2022   HD30.23 .K45 2015 c.1 031590 02/08/2024 21/02/2022 General Collection